Success Secrets: A Common Sense Guide to Lifelong Achievement (Record no. 50700)
[ view plain ]
| 000 -LEADER | |
|---|---|
| fixed length control field | 00383nam a2200133Ia 4500 |
| 008 - FIXED-LENGTH DATA ELEMENTS--GENERAL INFORMATION | |
| fixed length control field | 230524s9999 xx 000 0 und d |
| 020 ## - INTERNATIONAL STANDARD BOOK NUMBER | |
| ISBN | 8122306634 |
| 100 ## - MAIN ENTRY--AUTHOR NAME | |
| Personal name | Merril Douglass |
| 245 #0 - TITLE STATEMENT | |
| Title | Success Secrets: A Common Sense Guide to Lifelong Achievement |
| 260 ## - PUBLICATION, DISTRIBUTION, ETC. (IMPRINT) | |
| Name of publisher | Pustak Mahal |
| 500 ## - GENERAL NOTE | |
| General note | Quantity Number: 1 |
| 650 ## - SUBJECT ADDED ENTRY--TOPICAL TERM | |
| Topical Term | Personality Development |
| 942 ## - ADDED ENTRY ELEMENTS (KOHA) | |
| Koha item type | Books |
| Lost status | Damaged status | Permanent Location | Current Location | Shelving location | Date acquired | Accession Number | Koha item type |
|---|---|---|---|---|---|---|---|
| Central Library, Trident Academy of Technology | Central Library, Trident Academy of Technology | General Stacks | 05/24/2023 | 45001 | Books |
